[Event "Ikaria op"]
[Site "GRE"]
[Date "1992.??.??"]
[Round "?"]
[White "Georgiev, Krum"]
[Black "Shahtahtinsky, Alekper"]
[Result "1-0"]
[WhiteElo "2505"]
[BlackElo "2355"]

1.e4 c5 2.Nf3 Nc6 3.Bb5 g6 4.c3 Bg7 5.d4 Qb6 6.Ba4 cxd4 7.O-O Nf6 8.e5 Nd5
9.Bb3 e6 10.cxd4 d6 11.Nbd2 dxe5 12.dxe5 O-O 13.Re1 Qc7 14.Qe2 Nce7 15.Nf1 Bd7
16.h4 a6 17.N1h2 Rac8 18.Bg5 h6 19.Bd2 Bb5 20.Qe4 Bc6 21.Rac1 Qb6 22.Qg4 Bb5
23.h5 Bd3 24.Qh3 gxh5 25.Qxh5 Bg6 26.Qh3 h5 27.g4 hxg4 28.Nxg4 Nf5 29.Bg5 Rxc1
30.Rxc1 f6 31.exf6 Nxf6 32.Nxf6+ Bxf6 33.Re1 Kg7 34.Rxe6 Qd8 35.Ne5 Qa5 36.Nxg6 Kxg6
37.Qg4  1-0

[Event "Groningen op"]
[Site "Groningen"]
[Date "1992.??.??"]
[Round "6"]
[White "Glek, Igor V"]
[Black "Ciemniak, Robert"]
[Result "1-0"]
[WhiteElo "2520"]
[BlackElo "2415"]

1.e4 c5 2.Nf3 Nc6 3.Bb5 e6 4.O-O Nge7 5.Re1 a6 6.Bxc6 Nxc6 7.d4 cxd4 8.Nxd4 d6
9.Nc3 Be7 10.Nxc6 bxc6 11.Qg4 Kf8 12.b3 e5 13.Qe2 Be6 14.f4 f6 15.Na4 h6
16.c4 g5 17.fxe5 dxe5 18.Be3 Rb8 19.Rad1 Qa5 20.Qf2 Bg4 21.Rd3 Kf7 22.h3 Be6
23.Bc5 Rhd8 24.Bxe7 Kxe7 25.Qa7+ Ke8 26.Rf1 Rxd3 27.Qxb8+ Kf7 28.Qh8 Qd8
29.Qh7+ Kf8 30.Qxh6+ Kf7 31.Nc5 Qd4+ 32.Kh2 Qxc5 33.Qxf6+ Ke8 34.Qxe6+ Kd8
35.Qg8+ Kc7 36.Rf7+ Kb6 37.Qb8+ Ka5 38.a3 Qd6 39.Qxd6 Rxd6  1-0

[Event "Groningen op"]
[Site "Groningen"]
[Date "1992.??.??"]
[Round "8"]
[White "Glek, Igor V"]
[Black "Nadyrhanov, S."]
[Result "1-0"]
[WhiteElo "2520"]
[BlackElo "2445"]

1.e4 c5 2.Nf3 Nc6 3.Bb5 d6 4.O-O Bd7 5.Re1 Nf6 6.c3 a6 7.Bf1 Bg4 8.d3 e6
9.Nbd2 Be7 10.a3 d5 11.exd5 Qxd5 12.h3 Bh5 13.g4 Bg6 14.Nc4 Qd8 15.Nfe5 Nxe5
16.Nxe5 Nd7 17.Nxg6 hxg6 18.Qf3 Qc7 19.Bf4 Bd6 20.Bxd6 Qxd6 21.d4 Qc7 22.d5 e5
23.d6 Qb6 24.Bc4 O-O 25.Qd3 Rad8 26.Rad1 Nf6 27.Rxe5 Qxb2 28.Re2 Qb6 29.Re7 g5
30.d7 Nh7 31.Qf5 Qf6 32.Qxc5 b6 33.Qe5 b5 34.Rxf7 bxc4 35.Rxf6 gxf6 36.Qe7  1-0

[Event "Guarapuava op"]
[Site "Guarapuava"]
[Date "1992.??.??"]
[Round "?"]
[White "Henao, Raul Fernando"]
[Black "Silva, Raul"]
[Result "1-0"]
[WhiteElo "2410"]
[BlackElo "2250"]

1.e4 c5 2.Nf3 Nc6 3.Bb5 e6 4.O-O Nge7 5.b3 b6 6.Bb2 Bb7 7.Re1 a6 8.Bf1 d5
9.exd5 Qxd5 10.Nc3 Qd7 11.Na4 Qc7 12.Ng5 Qf4 13.Qh5 g6 14.Qf3 Qxf3 15.Nxf3 Rg8
16.Nxb6 Rd8 17.Ng5 Bg7 18.Bxg7 Rxg7 19.Ne4 Nc8 20.Nc4  1-0

[Event "Guarapuava op"]
[Site "Guarapuava"]
[Date "1992.??.??"]
[Round "?"]
[White "Pelikian, Jefferson"]
[Black "Hernandez, Gilberto"]
[Result "0-1"]
[WhiteElo "2320"]
[BlackElo "2480"]

1.e4 c5 2.Nf3 Nc6 3.Bb5 e6 4.O-O Nge7 5.Re1 a6 6.Bf1 d5 7.exd5 Qxd5 8.b3 Nf5
9.Bb2 Be7 10.Nc3 Qd8 11.Ne4 O-O 12.c3 b6 13.Qe2 Bb7 14.Rad1 Qc7 15.Ng3 Nxg3
16.hxg3 Rad8 17.Qe3 Rd7 18.Bd3 Bf6 19.Bb1 g6 20.g4 Bg7 21.g5 Rfd8 22.Be4 Ne7
23.Bxb7 Nf5 24.Qe4 Qxb7 25.Qg4 Qc7 26.Re2 b5 27.Rde1 Rd3 28.Bc1 R3d5 29.a4 Qb8
30.axb5 axb5 31.Qe4 Qc7 32.Bb2 c4 33.bxc4 Nd6 34.Qf4 Qxc4 35.d4 Qb3 36.Qc1 Nc4
37.Ba1 Rc8 38.Nh2 Qa3 39.Qf4 Qa7 40.Nf3 Qc7 41.Qe4 Ra8 42.Bb2 Rc8 43.Rb1 Rf5
44.Qd3 h6 45.gxh6 Bxh6 46.Bc1 Bxc1 47.Rxc1 Kg7 48.Ra1 Rh8 49.Rea2 Qf4 50.Ra7 g5
51.Qe2 Rf6 52.Ra8 Rh7 53.Rc8 Rfh6 54.g3 Qg4  0-1

[Event "Hamburg op"]
[Site "Hamburg"]
[Date "1992.??.??"]
[Round "5"]
[White "Kalinin, Michael"]
[Black "Mueller, Achim"]
[Result "0-1"]
[WhiteElo "2315"]
[BlackElo "2260"]

1.e4 c5 2.Nf3 Nc6 3.Bb5 d6 4.O-O e6 5.Re1 Bd7 6.c3 Nge7 7.d4 cxd4 8.cxd4 a6
9.Bf1 d5 10.Nc3 dxe4 11.Rxe4 Nb4 12.Ne5 Ng6 13.Nxd7 Qxd7 14.d5 O-O-O 15.Be3 exd5
16.Rxb4 Bxb4 17.Rc1 Bxc3 18.Rxc3+ Kb8 19.Qd4 b5 20.g3 f6 21.Bh3 Qb7 22.Rc6 Ne5
23.Rb6 Nf3+ 24.Kg2 Nxd4 25.Bxd4 Qxb6 26.Bxb6 Rd6 27.Bc5 Rc6 28.b4 Kc7 29.Kf3 Rxc5
30.bxc5 Re8  0-1

[Event "Haninge"]
[Site "Haninge"]
[Date "1992.??.??"]
[Round "5"]
[White "Brynell, Stellan"]
[Black "Cifuentes Parada, Roberto"]
[Result "1-0"]
[WhiteElo "2410"]
[BlackElo "2540"]

1.e4 c5 2.Nf3 Nc6 3.Bb5 e6 4.O-O Nge7 5.c3 a6 6.Ba4 b5 7.Bc2 d5 8.e5 Ng6
9.d4 Be7 10.Nbd2 O-O 11.Re1 f5 12.exf6 Rxf6 13.Nf1 cxd4 14.cxd4 Bb4 15.Bd2 Qd6
16.Bxb4 Qxb4 17.Bxg6 Rxg6 18.Rc1 Bd7 19.Qd2 Rf6 20.Qxb4 Nxb4 21.Ne5 Be8 22.a3 Rf4
23.Red1 Na2 24.Ra1  1-0

[Event "Helsinki op"]
[Site "Helsinki"]
[Date "1992.??.??"]
[Round "1"]
[White "Velikhanli, Firuza"]
[Black "Ragozin, Evgeni"]
[Result "1/2-1/2"]
[WhiteElo "2230"]
[BlackElo "2505"]

1.e4 c5 2.Nf3 Nc6 3.Bb5 g6 4.O-O Bg7 5.Re1 e5 6.Bxc6 dxc6 7.d3 Qe7 8.Be3 Nf6
9.a4 O-O 10.Na3 Ne8 11.Nc4 Nc7 12.h3 f6 13.Nfd2 Ne6 14.a5 Bd7 15.c3 Be8 16.Nb3 Rd8
17.Qc2 Bf7 18.Rad1 Rd7 19.d4 cxd4 20.cxd4 exd4 21.Nxd4 Nxd4 22.Rxd4 Rxd4
23.Bxd4 Qb4 24.Rc1 Bh6 25.Qc3 Qxc4 26.Qxc4 Bxc4 27.Rxc4 a6 28.Bb6 Bf4 29.Rd4 Be5
30.Rd2 f5 31.exf5 Rxf5 32.Kf1 Kf8 33.Ke2 Ke8 34.Kd3 Bf6 35.Kc4 Be7 36.Rd3 Rb5
37.Rb3 Kd7 38.Rd3+ Bd6 39.Kc3 Ke6 40.Re3+ Kd5 41.Rd3+ Ke6 42.Re3+ Kd7 43.Rf3  1/2-1/2

[Event "FIN-ch"]
[Site "Helsinki"]
[Date "1992.??.??"]
[Round "1"]
[White "Pyhala, Antti"]
[Black "Nokso Koivisto, Antti"]
[Result "1-0"]
[WhiteElo "2365"]
[BlackElo "2330"]

1.e4 c5 2.Nf3 Nc6 3.Bb5 d6 4.d4 cxd4 5.Qxd4 Bd7 6.Qd3 Nf6 7.Nc3 g6 8.O-O Bg7
9.Nd5 O-O 10.c3 a6 11.Bc4 Na5 12.Bb3 Nxb3 13.axb3 Nxd5 14.exd5 Qb6 15.c4 Bf5
16.Qd1 Bg4 17.h3 Bxf3 18.Qxf3 Qc7 19.Qe2 Rfe8 20.Bg5 e5 21.Be3 f5 22.f3 e4
23.f4 Bf6 24.b4 Qg7 25.Rab1 Bd4 26.Rfd1 Bxe3+ 27.Qxe3 Rac8 28.c5 Red8 29.Rd2 a5
30.bxa5 Rxc5 31.b4 Rc3 32.Qb6 Qe7 33.b5 Rdc8 34.a6 bxa6 35.bxa6 e3 36.Re2 Qe4
37.Rbe1 Qxd5 38.Rxe3 Rxe3 39.Rxe3 Qd1+ 40.Kh2  1-0

[Event "FIN-ch"]
[Site "Helsinki"]
[Date "1992.??.??"]
[Round "5"]
[White "Pyhala, Antti"]
[Black "Ebeling, Mika"]
[Result "1/2-1/2"]
[WhiteElo "2365"]
[BlackElo "2345"]

1.e4 c5 2.Nf3 Nc6 3.Bb5 g6 4.O-O Bg7 5.c3 Nf6 6.Re1 O-O 7.h3 e5 8.d4 cxd4
9.cxd4 exd4 10.e5 Nd5 11.Bg5 Qc7 12.Bxc6 bxc6 13.Qxd4 d6 14.Bf6 dxe5 15.Bxe5 Bxe5
16.Nxe5 Be6 17.Nc3 Nxc3 18.Qxc3 c5 19.h4 Qe7 20.Ng4 f6 21.Re3 Rab8 22.Rae1 Rb6
23.R1e2 h5 24.Qe1 Re8 25.Nh2 Kf7 26.g4 Qd7 27.g5 Rd6 28.Qc3 Rd1+ 29.Kg2 Qa4
30.Qa3 Bd5+ 31.Kh3 Be6+ 32.Kg2 Bd5+ 33.Kh3 Be6+  1/2-1/2

[Event "FIN-ch"]
[Site "Helsinki"]
[Date "1992.??.??"]
[Round "7"]
[White "Rantanen, Yrjo A"]
[Black "Manninen, Marko"]
[Result "1/2-1/2"]
[WhiteElo "2410"]
[BlackElo "2450"]

1.e4 c5 2.Nf3 Nc6 3.Bb5 e6 4.O-O Nge7 5.Re1 a6 6.Bxc6 Nxc6 7.d4 cxd4 8.Nxd4 Qc7
9.Nxc6 Qxc6 10.Nc3 b5 11.a4 Bb7 12.axb5 axb5 13.Rxa8+ Bxa8 14.Qd4 f6 15.Qd1 b4
16.Nd5 Kf7 17.Nf4 g6 18.Qd3 Be7 19.Bd2 g5 20.Nh5 Rc8 21.c3 Qc4 22.Qf3 f5
23.Ng3 Kg8 24.cxb4 Bxb4 25.Rc1 Qxc1+ 26.Bxc1 Rxc1+ 27.Nf1 Bxe4 28.Qe3 Re1
29.Qxg5+ Kf7 30.Qh5+ Kg7 31.Qe8 Rd1 32.h4 Kf6 33.Qh8+ Ke7 34.Qxh7+ Kd6 35.Qg7 Kc6
36.Qg3 d5 37.Qb3 Rd4 38.Qa4+ Kd6 39.h5 Bc5 40.Qa6+ Ke5 41.Qa5 Rc4 42.Qc7+ Kd4
43.Qf4 Rc2 44.Qe3+ Ke5 45.Qg3+ f4 46.Qg5+ Bf5 47.h6 Bxf2+ 48.Kh2 Rc7 49.g3 fxg3+
50.Nxg3 Rc2 51.Kh1 Bxg3 52.Qxg3+ Kd4 53.Qg7+ Ke3 54.Qg1+ Rf2 55.Qe1+ Kf3
56.Qd1+ Kg3 57.Qe1 Kf3 58.b4 d4 59.h7 Bxh7 60.Qxe6 Be4 61.b5 d3 62.Kg1 Rg2+
63.Kf1 d2 64.Qh3+ Kf4 65.Qh6+ Ke5 66.Qh5+ Kf4 67.Qh6+ Ke5 68.Qh5+ Kf4  1/2-1/2

[Event "Hradec Kralove op"]
[Site "Hradec Kralove"]
[Date "1992.??.??"]
[Round "8"]
[White "Nemec, Pavel"]
[Black "Medunova, Vera"]
[Result "0-1"]
[WhiteElo "2245"]
[BlackElo "2120"]

1.e4 c5 2.Nf3 Nc6 3.Bb5 g6 4.c3 Bg7 5.d4 cxd4 6.cxd4 Qb6 7.Nc3 Nxd4 8.Nd5 Nxf3+
9.Qxf3 Qd6 10.Bf4 Be5 11.Bxe5 Qxe5 12.Rc1 Kf8 13.O-O Nf6 14.Nxf6 exf6 15.Qb3 Kg7
16.Bc4 Rf8 17.Bd5 Rb8 18.Qb4 b6 19.f4 Qh5 20.Rf3 Ba6 21.Qd6 Rbc8 22.Rcc3 Qh4
23.Rg3 Bb5 24.Rge3 Rxc3 25.bxc3 Bc6 26.g3 Qh5 27.Bxc6 dxc6 28.e5 fxe5 29.Rxe5 Qf3
30.Qd4 Kg8 31.Re7 c5 32.Qd2 a6 33.Re3 Qc6 34.Qe2 Rd8 35.f5 b5 36.h4 Kg7 37.h5 Qd6
38.f6+ Qxf6 39.Rf3 Qg5 40.Qf1 Rd7 41.hxg6 hxg6  0-1

[Event "HUN-ch (Women)"]
[Site "?"]
[Date "1992.??.??"]
[Round "2"]
[White "Kiss, Fernanda"]
[Black "Lendvai, Noemi"]
[Result "1/2-1/2"]
[WhiteElo "2080"]
[BlackElo "2175"]

1.e4 c5 2.Nf3 Nc6 3.Bb5 g6 4.O-O Bg7 5.c3 a6 6.Bxc6 dxc6 7.d4 cxd4 8.Nxd4 Qc7
9.Re1 h5 10.h3 Nh6 11.f4 e5 12.Nf3 exf4 13.e5 Nf5 14.Bxf4 Be6 15.Qe2 O-O-O
16.Nbd2 Bh6 17.Bxh6 Rxh6 18.Ne4 Bd5 19.c4 Bxe4 20.Qxe4 Rhh8 21.Rad1 Rhe8
22.b3 Qb6+ 23.Kh2 Kb8 24.Qf4 Ka8 25.Ng5 Qc7 26.Rxd8+ Rxd8 27.Qf2 Rd7 28.Qc5 Qd8
29.Nf3 Qc7 30.b4 Rd3 31.b5 axb5 32.cxb5 Rd5 33.Qa3+ Kb8 34.bxc6 Qxc6 35.Qf8+ Ka7
36.Qxf7 Rd3 37.Ng5 Qc3 38.Re4 Rd4 39.Rxd4 Qg3+ 40.Kh1 Qe1+ 41.Kh2 Qxe5+ 42.Kh1 Ng3+
43.Kg1 Ne2+ 44.Kf1 Nxd4 45.Qf2  1/2-1/2

[Event "HUN-ch (Women)"]
[Site "?"]
[Date "1992.??.??"]
[Round "11"]
[White "Porubszky Angyalosine, Maria A"]
[Black "Grabics, Monika"]
[Result "1-0"]
[WhiteElo "2230"]
[BlackElo "2145"]

1.e4 c5 2.Nf3 Nc6 3.Bb5 g6 4.Bxc6 dxc6 5.h3 Bg7 6.O-O Nf6 7.Nc3 Nd7 8.d3 e5
9.Be3 Qe7 10.Qd2 Nf8 11.Bh6 f6 12.Bxg7 Qxg7 13.Qe3 Ne6 14.a4 Nd4 15.Ne1 g5
16.a5 O-O 17.Na4 b6 18.Ra3 Nb5 19.Ra1 Be6 20.Rc1 Rab8 21.Nf3 g4 22.hxg4 Bxg4
23.axb6 axb6 24.Nh2 Be6 25.f4 exf4 26.Rxf4 Kh8 27.Qf2 Nd4 28.Rf1 Qg5 29.Kh1 Kg7
30.c3 Nb5 31.d4 cxd4 32.cxd4 h5 33.d5 cxd5 34.exd5 Qxd5 35.Rxf6 Rxf6 36.Qxf6+ Kh7
37.Nf3 Rg8 38.Nxb6 Qd3 39.Ne5 Qe2 40.Rf2 Qe1+ 41.Kh2 Qe3 42.Nbd7 Bxd7 43.Nxd7 Rg7
44.Nf8+ Kg8 45.Ne6 Qg3+ 46.Kg1 Rd7 47.Qf8+ Kh7 48.Qf5+ Kg8 49.Qxh5 Qd6 50.Qe8+  1-0

[Event "HUN-chT"]
[Site "HUN"]
[Date "1992.??.??"]
[Round "?"]
[White "Horvath, Zoltan"]
[Black "Sarosi, Zoltan"]
[Result "1-0"]
[WhiteElo "2350"]
[BlackElo "2320"]

1.e4 c5 2.Nf3 Nc6 3.Bb5 e6 4.Bxc6 bxc6 5.e5 Ne7 6.O-O Ng6 7.b3 Be7 8.Ba3 f6
9.d4 cxd4 10.Bxe7 Qxe7 11.Qxd4 fxe5 12.Nxe5 Nxe5 13.Qxe5 Qf6 14.f4 O-O 15.Nd2 a5
16.Ne4 Qf5 17.c4 d5 18.Nd6 Qxe5 19.fxe5 Ba6 20.Rxf8+ Rxf8 21.Rf1 Rxf1+ 22.Kxf1 Kf8
23.Ke1 c5 24.Kd2 Ke7 25.h4 g6 26.g4 h6 27.g5 hxg5 28.hxg5 Kf8 29.Kc2 Ke7
30.Kb2 a4 31.Ka3 axb3 32.axb3 Kd7 33.Ka4 Kc6 34.Ka5 dxc4 35.bxc4 Bxc4 36.Nxc4 Kd5
37.Kb5 Kd4 38.Kc6 Kxc4 39.Kd6 Kb4 40.Kxe6 c4 41.Kf6 c3 42.e6 c2 43.e7 c1=Q
44.e8=Q Qc2 45.Qxg6 Qc3+ 46.Kf7 Qc7+ 47.Kg8 Qc8+ 48.Kg7 Qd7+ 49.Qf7 Qd4+
50.Kg8 Ka5 51.g6 Qd8+ 52.Qf8 Qd5+ 53.Kh7 Qh5+ 54.Qh6 Qf5 55.Qd2+ Ka4 56.Qd4+ Ka5
57.Qa7+ Kb5 58.Qb7+ Ka5 59.Qc7+ Kb5 60.Qb7+ Ka5 61.Qc6 Qd3 62.Kg8 Qb3+ 63.Kf8 Qb8+
64.Ke7 Qe5+ 65.Qe6 Qg7+ 66.Kd6 Kb4 67.Kd5 Ka3 68.Qf7 Qh6 69.Qe7+ Ka2 70.g7 Qd2+
71.Ke6 Qe3+ 72.Kf7 Qf4+ 73.Kg8 Kb2 74.Qe6 Ka3 75.Kh7 Qh4+ 76.Kg6 Qg3+ 77.Kf7 Qf4+
78.Ke7 Qc7+ 79.Kf8 Qf4+ 80.Qf7 Qb8+ 81.Ke7 Qc7+ 82.Kf6 Qf4+ 83.Kg6 Qg4+ 84.Kh6 Qh4+
85.Qh5 Qf6+ 86.Kh7 Qe7 87.Qg4 Kb2 88.Qg3 Qf7 89.Qe5+  1-0

[Event "HUN-chT"]
[Site "HUN"]
[Date "1992.??.??"]
[Round "?"]
[White "Istvandi, Lajos"]
[Black "Meszaros, Andras"]
[Result "1/2-1/2"]
[WhiteElo "2390"]
[BlackElo "2310"]

1.e4 c5 2.Nf3 Nc6 3.Bb5 g6 4.O-O Bg7 5.c3 Nf6 6.Re1 O-O 7.d4 d5 8.e5 Ne4
9.Nbd2 Nxd2 10.Bxd2 Qb6 11.Bxc6 bxc6 12.b4 c4 13.Bg5 Re8 14.Qd2 a5 15.a3 Bg4
16.Qf4 Bxf3 17.Qxf3 f6 18.exf6 exf6 19.Bf4 f5 20.h4 Qa6 21.Rab1 axb4 22.axb4 Re4
23.Qg3 Qa2 24.h5 Rae8 25.f3 R4e6 26.hxg6 hxg6 27.Be5 Bxe5 28.dxe5 Qa7+ 29.Kf1 Kg7
30.Ra1 Qb6 31.f4 Rh8 32.Qf2 Rh1+ 33.Ke2 Rxe1+ 34.Kxe1 Qd8 35.Ra7+ Kg8 36.Kd2 g5
37.Rb7 Re7 38.Rxe7 Qxe7 39.g3 Kf7 40.Qh2 Kg7 41.Qh5 d4  1/2-1/2

[Event "HUN-chT"]
[Site "HUN"]
[Date "1992.??.??"]
[Round "?"]
[White "Emodi, Gyula"]
[Black "Sarosi, Zoltan"]
[Result "1-0"]
[WhiteElo "2345"]
[BlackElo "2320"]

1.e4 c5 2.Nf3 Nc6 3.Bb5 e6 4.O-O a6 5.Bxc6 bxc6 6.d3 Ne7 7.Nc3 Ng6 8.Ng5 h6
9.Nh3 Be7 10.f4 d6 11.Qh5 Bf6 12.f5 Ne5 13.Nf4 exf5 14.exf5 g6 15.Qe2 Bxf5
16.Nh5 Be7 17.Ng7+ Kd7 18.Nxf5 gxf5 19.Rxf5 Qg8 20.Na4 Ke6 21.Rf3 Qg4 22.Bf4 Qg7
23.Rg3 Qf6 24.Rf1  1-0

[Event "HUN-chT"]
[Site "HUN"]
[Date "1992.??.??"]
[Round "?"]
[White "Szell, Lajos"]
[Black "Horvath, Sandor"]
[Result "1-0"]
[WhiteElo "2315"]
[BlackElo "2360"]

1.e4 c5 2.Nf3 Nc6 3.Bb5 g6 4.O-O Bg7 5.c3 Nf6 6.d3 O-O 7.Nbd2 Qc7 8.Re1 a6
9.Ba4 b5 10.Bb3 Na5 11.Bc2 d5 12.Nf1 dxe4 13.dxe4 e5 14.Bg5 Bb7 15.Qc1 Nh5
16.Bh6 Nf4 17.Bxg7 Kxg7 18.g3 Ne6 19.Ng5 Nxg5 20.Qxg5 Nc4 21.b3 f6 22.Qh4 Nd6
23.Ne3 c4 24.b4 a5 25.a3 axb4 26.axb4 Rxa1 27.Rxa1 f5 28.f3 fxe4 29.Bxe4 Bxe4
30.fxe4 Qb6 31.Qe7+ Nf7 32.Re1 Ra8 33.Kh1 Ra7 34.Qe8 h5 35.Re2 Qf6 36.Kg2 Ng5
37.Rf2 Ra2 38.Nf5+ gxf5 39.Rxa2 f4 40.Qxh5 f3+ 41.Kf1 Nxe4 42.Ra7+ Kf8 43.Ra8+  1-0

[Event "HUN-chT"]
[Site "HUN"]
[Date "1992.??.??"]
[Round "?"]
[White "Tompa, Janos"]
[Black "Hardicsay, Peter"]
[Result "1-0"]
[WhiteElo "2415"]
[BlackElo "2355"]

1.e4 c5 2.Nf3 Nc6 3.Bb5 e6 4.O-O Nge7 5.b3 Qc7 6.Bb2 Ng6 7.Re1 a6 8.Bxc6 bxc6
9.e5 Be7 10.Nc3 f6 11.exf6 Bxf6 12.Na4 Bxb2 13.Nxb2 O-O 14.Nc4 Rf5 15.d4 cxd4
16.Qxd4 d5 17.Nb6 Rb8 18.Nxc8 Qxc8 19.Re3 c5 20.Qd2 d4 21.Re4 e5 22.Qe2 Qe6
23.Re1 Rbf8 24.Nxe5 Rxf2 25.Qxf2 Rxf2 26.Kxf2 Qf5+ 27.Nf3 h6 28.Re8+ Kh7
29.R1e4 Qd5 30.Ke2 Qf7 31.g3 Qf5 32.Kf2 Nf8 33.Rf4 Qxc2+ 34.Re2 Qc1  1-0

[Event "HUN-chT"]
[Site "HUN"]
[Date "1992.??.??"]
[Round "11"]
[White "Porubszky Angyalosine, Maria A"]
[Black "Berebora, Ferenc"]
[Result "1/2-1/2"]
[WhiteElo "2210"]
[BlackElo "2330"]

1.e4 c5 2.Nf3 Nc6 3.Bb5 d6 4.O-O Bd7 5.Re1 Nf6 6.c3 a6 7.Ba4 c4 8.d4 cxd3
9.Qxd3 e6 10.h3 Ne5 11.Bxd7+ Nfxd7 12.Nxe5 dxe5 13.Nd2 Be7 14.Nf3 Qc7 15.Be3 O-O
16.Rad1 Rfd8 17.Qe2 Nc5 18.Bxc5 Bxc5 19.Rxd8+ Rxd8 20.Rd1 Rxd1+ 21.Qxd1 f6
22.Kf1 Kf7 23.Ne1 g6 24.Nd3 Bd6 25.Qb3 Qc6 26.f3 b5 27.Qc2 f5 28.Qe2 Qc4
29.Nc1 Qc6 30.Qd3 Bc7 31.Ke1 Bb6  1/2-1/2

[Event "HUN-chT"]
[Site "HUN"]
[Date "1992.??.??"]
[Round "13"]
[White "Lakos, Nikoletta"]
[Black "Murin, Janos"]
[Result "1/2-1/2"]
[WhiteElo "2075"]
[BlackElo "2255"]

1.e4 c5 2.Nf3 Nc6 3.Bb5 g6 4.O-O Bg7 5.c3 Nf6 6.Re1 O-O 7.d4 cxd4 8.cxd4 d6
9.h3 Qb6 10.Nc3 a6 11.Bf1 Nd7 12.Nd5 Qd8 13.Be3 e6 14.Nc3 b6 15.Qd2 Bb7 16.Rad1 Na7
17.Bf4 Qe7 18.e5 Bxf3 19.gxf3 Nc6 20.Bg5 Qe8 21.f4 d5 22.Kh2 Ne7 23.Bd3 Kh8
24.Rg1 Rg8 25.a4 Nc6 26.Qe3 Qf8 27.Bb1 Rc8 28.Rg4 Qb4 29.Rh4 Rge8 30.f5 exf5
31.Nxd5 Qf8 32.Qf3 Nd8 33.Bxf5 Ne6 34.Bxe6 fxe6 35.Qxf8+ Rxf8 36.Nf4 Kg8
37.Kg1 Rf5 38.Nxe6 Nf8 39.Nxg7 Rxg5+ 40.Rg4 Rxg4+ 41.hxg4 Kxg7 42.f4 Kf7
43.Rd2 Ne6 44.f5 gxf5 45.gxf5 Ng7 46.f6 Nf5 47.Kf2 Ke6 48.Kf3 Nxd4+ 49.Rxd4 Kxe5
50.Rb4 Rf8  1/2-1/2

[Event "Hyeres op"]
[Site "Hyeres"]
[Date "1992.??.??"]
[Round "?"]
[White "Belkhodja, Slim"]
[Black "Bosch, Jeroen"]
[Result "0-1"]
[WhiteElo "2415"]
[BlackElo "2255"]

1.e4 c5 2.Nf3 Nc6 3.Bb5 d6 4.O-O Bd7 5.Re1 Nf6 6.Nc3 g6 7.Bxc6 Bxc6 8.e5 dxe5
9.Nxe5 Rc8 10.d3 Bg7 11.Bf4 O-O 12.Nxc6 Rxc6 13.Be5 Nh5 14.Qf3 f6 15.Bf4 e5
16.Bc1 f5 17.b3 e4 18.dxe4 fxe4 19.Qe2 c4 20.Bb2 cxb3 21.Rad1 Qe8 22.Qe3 bxc2
23.Rc1 Nf4 24.Rxc2 Nd3 25.Rb1 Nxb2 26.Rbxb2 Qc8 27.Rb3 Rd8 28.h3 Rd3 29.Qxe4 Rdxc3
30.Rcxc3 Bxc3 31.Rb5 Bf6 32.f4 Qe6 33.Qa4 Rc4  0-1

[Event "Hyeres op"]
[Site "Hyeres"]
[Date "1992.??.??"]
[Round "?"]
[White "Belkhodja, Slim"]
[Black "Boyd, Stephen"]
[Result "1-0"]
[WhiteElo "2415"]
[BlackElo "2265"]

1.e4 c5 2.Nf3 Nc6 3.Bb5 g6 4.O-O Bg7 5.c3 Nf6 6.Re1 O-O 7.d4 cxd4 8.cxd4 d5
9.e5 Ne4 10.Bxc6 bxc6 11.Nbd2 Nxd2 12.Nxd2 c5 13.dxc5 Qc7 14.Nf3 Qxc5 15.Bg5 f6
16.exf6 exf6 17.Rc1 Qa5 18.b4 Qd8 19.Be3 Be6 20.Nd4 Bf7 21.b5 Qd7 22.a4 Rfc8
23.Nc6 a6 24.Bd4 Re8 25.Qf3 axb5 26.axb5 Rxe1+ 27.Rxe1 Be6 28.h3 Qd6 29.Bxf6 Rf8
30.Be7 Rxf3 31.Bxd6 Rf6 32.b6 Bc8 33.Ne7+ Kf7 34.Nxc8  1-0

[Event "Hyeres op"]
[Site "Hyeres"]
[Date "1992.??.??"]
[Round "?"]
[White "Fievet, Patrick"]
[Black "Bosch, Jeroen"]
[Result "0-1"]
[WhiteElo "2270"]
[BlackElo "2255"]

1.e4 c5 2.Nf3 Nc6 3.Bb5 d6 4.Bxc6+ bxc6 5.d3 e5 6.O-O Ne7 7.Ne1 Ng6 8.f4 exf4
9.Bxf4 Nxf4 10.Rxf4 g6 11.Nd2 Bg7 12.Rb1 O-O 13.Rf1 f5 14.Nef3 f4 15.Re1 g5
16.h3 h5 17.Nh2 g4 18.hxg4 hxg4 19.Nxg4 Bd4+ 20.Nf2 Qh4 21.Qe2 f3 22.Nxf3 Rxf3
23.Qxf3 Bg4 24.g3 Qh5 25.Qg2 Rf8 26.Rf1 Kg7 27.c3 Bf3 28.g4 Qh4 29.Qh2 Qxg4+  0-1

[Event "ISR-ch"]
[Site "ISR"]
[Date "1992.??.??"]
[Round "3"]
[White "Vydeslaver, Alik"]
[Black "Maryasin, Boris"]
[Result "0-1"]
[WhiteElo "2305"]
[BlackElo "2395"]

1.e4 c5 2.Nf3 Nc6 3.Bb5 g6 4.Bxc6 dxc6 5.d3 Bg7 6.Nc3 e5 7.Be3 Qe7 8.h3 Nf6
9.Qd2 O-O 10.Bh6 Bxh6 11.Qxh6 Nh5 12.O-O f6 13.Ne2 b5 14.Nd2 a5 15.a4 Qd6
16.Qe3 Be6 17.b3 g5 18.Ra2 Ra7 19.Rfa1 Rfa8 20.Qf3 Nf4 21.Nxf4 gxf4 22.Kh2 Qf8
23.Qh5 Qf7 24.Qxf7+ Kxf7 25.g3 fxg3+ 26.fxg3 c4 27.axb5 cxb3 28.Nxb3 Bxb3
29.cxb3 cxb5 30.Kg2 Kg6 31.Kf3 a4 32.bxa4 Rxa4 33.Rxa4 bxa4 34.Ra3 h5 35.Ke3 Kf7
36.d4 Ke6 37.d5+ Kd6 38.Kd3 Kc5 39.Kc3 Ra6 40.g4 h4 41.Ra1 a3 42.Kb3 Kd4
43.Rxa3 Rb6+ 44.Kc2 Kxe4 45.Ra8 Rd6 46.Rh8 Kf3 47.Rxh4 Rxd5 48.Rh6 f5 49.gxf5 e4
50.f6 Rf5 51.f7 Rxf7 52.Kd1 Kf2 53.Re6 e3 54.h4 Rf5 55.Re7 Rd5+ 56.Kc2 e2
57.Rf7+ Ke1 58.Re7 Rd2+ 59.Kc1 Rd4 60.Kc2 Kf2  0-1

[Event "Jyvaskyla op"]
[Site "Jyvaskyla"]
[Date "1992.??.??"]
[Round "4"]
[White "Hintikka, Eero"]
[Black "Vooremaa, Andres"]
[Result "0-1"]
[WhiteElo "2255"]
[BlackElo "2345"]

1.e4 c5 2.Nf3 Nc6 3.Bb5 g6 4.O-O Bg7 5.Re1 e5 6.Nc3 Nge7 7.Nd5 O-O 8.c3 d6
9.d4 cxd4 10.Nxe7+ Nxe7 11.cxd4 exd4 12.Nxd4 Qb6 13.Be3 Bxd4 14.Qxd4 Qxb5
15.Bh6 Qe5 16.Qxe5 dxe5 17.Bxf8 Kxf8 18.b4 Bd7 19.a4 a6 20.Rec1 Rc8 21.Rxc8+ Nxc8
22.Rc1 Nd6 23.a5 Nxe4 24.Re1 Bc6 25.f3 Nc3 26.Kf2 f6 27.h4 Nd5 28.Rb1 Ke7
29.h5 f5 30.g4 Kf6 31.gxf5 gxf5 32.Rg1 Nf4 33.h6  0-1

[Event "Karvina op"]
[Site "Karvina"]
[Date "1992.??.??"]
[Round "4"]
[White "Chura, Jan"]
[Black "Michenka, Jozef"]
[Result "0-1"]
[WhiteElo "2215"]
[BlackElo "2380"]

1.e4 c5 2.Nf3 Nc6 3.Bb5 g6 4.O-O Bg7 5.Bxc6 dxc6 6.h3 c4 7.Qe2 b5 8.d3 cxd3
9.cxd3 Nf6 10.Be3 O-O 11.Nbd2 a5 12.a4 Ba6 13.Rfc1 bxa4 14.Nc4 Bb5 15.Bd4 Bh6
16.Rc3 Re8 17.Nce5 Qd6 18.Ng4 Nxg4 19.hxg4 e5 20.Bc5 Qe6 21.g5 Bg7 22.Nh2 h5
23.gxh6 Bxh6 24.Ng4 Bg5 25.g3 Rad8 26.Kg2 f5 27.exf5 Qd5+ 28.Qe4 gxf5 29.Qxd5+ cxd5
30.f4 exf4 31.gxf4 d4 32.Rca3 Re2+ 33.Kf3 Rc2 34.fxg5 fxg4+ 35.Kxg4 Rxc5
36.Rg1 Kf8 37.Raa1 Bxd3 38.Rxa4 Be2+ 39.Kh3 Rcd5 40.b4 d3 41.bxa5 d2  0-1

[Event "Karvina op"]
[Site "Karvina"]
[Date "1992.??.??"]
[Round "5"]
[White "Shtyrenkov, Veniamen"]
[Black "Dybowski, Jerzy"]
[Result "1/2-1/2"]
[WhiteElo "2440"]
[BlackElo "2350"]

1.e4 c5 2.Nf3 Nc6 3.Bb5 d6 4.d4 cxd4 5.Qxd4 Bd7 6.Bxc6 bxc6 7.O-O Qb6 8.Qd3 e5
9.c4 Bg4 10.Nc3 Nf6 11.Be3 Qc7 12.Nh4 Be7 13.h3 Be6 14.Nf5 Bxf5 15.exf5 Rd8
16.f4 O-O 17.fxe5 dxe5 18.Qc2 Qa5 19.Kh1 Qa6 20.b3 Bb4 21.Ne2 Rfe8 22.Rad1 h6
23.g4 c5 24.Ng3 Qc6+ 25.Qg2 e4 26.Rxd8 Rxd8 27.g5 hxg5 28.Bxg5 Bc3 29.Bxf6 Bxf6
30.Nxe4 Rd3 31.Ng3 Qd6 32.Ne4 Qd4 33.Nxf6+  1/2-1/2

[Event "Karvina op"]
[Site "Karvina"]
[Date "1992.??.??"]
[Round "8"]
[White "Brodsky, Michail"]
[Black "Babula, Vlastimil"]
[Result "1/2-1/2"]
[WhiteElo "2540"]
[BlackElo "2380"]

1.e4 c5 2.Nf3 Nc6 3.Bb5 d6 4.c3 Nf6 5.Qe2 Bd7 6.d4 a6 7.Bxc6 Bxc6 8.e5 Ne4
9.e6 fxe6 10.O-O Qd7 11.Nbd2 Nxd2 12.Bxd2 Bxf3 13.Qxf3 cxd4 14.cxd4 g6 15.Rfe1 Bg7
16.Bc3 Rc8 17.Re2 d5 18.Rae1 Rc6 19.Qg4 e5 20.Qxd7+ Kxd7 21.dxe5 Ke6 22.f4 Rc4
23.g3 d4 24.Ba5 Rhc8 25.Rd2 R8c5 26.Bb6 Rd5 27.Re4 g5 28.b3 Rb4 29.Bxd4 gxf4
30.gxf4 Kf5 31.Bc3 Kxe4 32.Rxd5 Kxd5 33.Bxb4  1/2-1/2

[Event "Karvina op"]
[Site "Karvina"]
[Date "1992.??.??"]
[Round "9"]
[White "Houser, Pavel"]
[Black "Stripunsky, Alexander"]
[Result "0-1"]
[WhiteElo "2335"]
[BlackElo "2415"]

1.e4 c5 2.Nf3 Nc6 3.Bb5 d6 4.O-O Bd7 5.Re1 Nf6 6.c3 a6 7.Bf1 Bg4 8.h3 Bh5
9.g4 Bg6 10.d3 e6 11.Nh4 Nd7 12.Ng2 Be7 13.f4 f5 14.exf5 exf5 15.g5 Bf7 16.Ne3 g6
17.Bg2 h6 18.Nd5 hxg5 19.Nxe7 Nxe7 20.fxg5 Qc7 21.Qf3 Ne5 22.Qg3 c4 23.Bf4 Nxd3
24.Bxd6 Qb6+ 25.Re3 O-O-O 26.Bxe7 f4 27.Bxd8 Rxd8 28.Qg4+ Kb8 29.Na3 Qxe3+
30.Kh2 Ne5 31.Qh4 Rd2 32.Kh1 Rxg2 33.Kxg2 Bd5+ 34.Kf1 Qd3+  0-1

[Event "Karvina op"]
[Site "Karvina"]
[Date "1992.??.??"]
[Round "9"]
[White "Shtyrenkov, Veniamen"]
[Black "Kachur, Alexander"]
[Result "1-0"]
[WhiteElo "2440"]
[BlackElo "2315"]

1.e4 c5 2.Nf3 Nc6 3.Bb5 e6 4.O-O Nge7 5.Re1 a6 6.Bf1 d5 7.exd5 Nxd5 8.d4 Nf6
9.dxc5 Qxd1 10.Rxd1 Bxc5 11.Nbd2 Ke7 12.a3 Rd8 13.b4 Ba7 14.Bb2 b5 15.Rac1 Nd4
16.Nxd4 Bxd4 17.Bxd4 Rxd4 18.c4 bxc4 19.Nxc4 Rxd1 20.Rxd1 Nd5 21.g3 Rb8 22.Na5 Rb6
23.Bg2 Rd6 24.Nc4 Rd7 25.Bf1 Rc7 26.f4 Bd7 27.Kf2 Bb5 28.Rd4 f6 29.Bd3 g6
30.Ke2 f5 31.Kd2 Nf6 32.Ne5 Bxd3 33.Kxd3 Ne4 34.Rc4 Rb7 35.Kd4 Nd6 36.Rc6 Nb5+
37.Kc5 Nxa3 38.Rxa6 Nc2 39.b5 Ne3 40.b6 Nd5 41.Ra7  1-0